[Event "Ruhrgebiet Verbandsliga Gruppe 1 1617"]
[Site "Germany"]
[Date "2017.03.12"]
[Round "8.7"]
[White "Huestegge, Ulrich"]
[Black "Krause, Dieter"]
[Result "1/2-1/2"]
[WhiteElo "1832"]
[BlackElo "1861"]
[PlyCount "29"]
[EventDate "2016.09.04"]
[EventType "team-tourn"]
[EventRounds "9"]
[EventCountry "GER"]
[SourceTitle "EXT 2022"]
[Source "ChessBase"]
[SourceDate "2021.10.06"]
[SourceVersion "1"]
[SourceVersionDate "2021.10.06"]
[SourceQuality "1"]
[WhiteTeam "Bottrop SV"]
[BlackTeam "Kamen SV II"]
[WhiteTeamCountry "GER"]
[BlackTeamCountry "GER"]

1. c4 e5 2. Nc3 Nc6 3. g3 f5 4. Bg2 Nf6 5. d3 Bb4 6. e4 Bxc3+ 7. bxc3 d6 8. exf5 Bxf5 9. Ne2 0-0 10. 0-0 Qd7 11. f4 Bh3 12. fxe5 Nxe5 13. Nf4 Bxg2 14. Kxg2 Rae8 15. h3 1/2-1/2

[Event "Ruhrgebiet Verbandsliga Gruppe 1 1617"]
[Site "Germany"]
[Date "2017.01.29"]
[Round "6.7"]
[White "Niemann, Walter"]
[Black "Krause, Dieter"]
[Result "0-1"]
[WhiteElo "1802"]
[BlackElo "1861"]
[PlyCount "92"]
[EventDate "2016.09.04"]
[EventType "team-tourn"]
[EventRounds "9"]
[EventCountry "GER"]
[SourceTitle "EXT 2022"]
[Source "ChessBase"]
[SourceDate "2021.10.06"]
[SourceVersion "1"]
[SourceVersionDate "2021.10.06"]
[SourceQuality "1"]
[WhiteTeam "Steele/Kray Rochade"]
[BlackTeam "Kamen SV II"]
[WhiteTeamCountry "GER"]
[BlackTeamCountry "GER"]

1. d4 d6 2. Nf3 Bg4 3. c4 g6 4. Qb3 Qc8 5. e4 Bg7 6. h3 Bxf3 7. gxf3 Bxd4 8. h4 h5 9. Nc3 c6 10. Ne2 Bg7 11. Bg5 Nf6 12. Bh3 Qc7 13. 0-0-0 Na6 14. Qe3 Qb6 15. Qxb6 axb6 16. Nc3 Nc5 17. Rhe1 Na4 18. e5 dxe5 19. Rxe5 Nxc3 20. bxc3 e6 21. Re2 0-0 22. Be3 Ra6 23. Rb2 Rfa8 24. Kb1 b5 25. cxb5 cxb5 26. Bd4 Nd5 27. Bxg7 Kxg7 28. Rc1 Ra3 29. Rb3 Rxa2 30. Rxb5 Ra1+ 31. Kc2 R8a2+ 32. Rb2 Rxb2+ 33. Kxb2 Rxc1 34. Kxc1 Nxc3 35. Bf1 Kf6 36. Kd2 Nd5 37. Bb5 Ne7 38. Bd3 Nf5 39. Be4 b6 40. f4 Nxh4 41. Ke3 Nf5+ 42. Kf3 b5 43. Bd3 b4 44. Ke4 b3 45. Kf3 b2 46. Bb1 Nd6 0-1

[Event "Ruhrgebiet Verbandsliga Gruppe 1 1617"]
[Site "Germany"]
[Date "2016.09.25"]
[Round "2.7"]
[White "Krause, Dieter"]
[Black "Regber, Karl Heinz"]
[Result "1-0"]
[WhiteElo "1861"]
[BlackElo "1599"]
[PlyCount "127"]
[EventDate "2016.09.04"]
[EventType "team-tourn"]
[EventRounds "9"]
[EventCountry "GER"]
[SourceTitle "EXT 2022"]
[Source "ChessBase"]
[SourceDate "2021.10.06"]
[SourceVersion "1"]
[SourceVersionDate "2021.10.06"]
[SourceQuality "1"]
[WhiteTeam "Kamen SV II"]
[BlackTeam "Eving SV Rochade"]
[WhiteTeamCountry "GER"]
[BlackTeamCountry "GER"]

1. c4 c5 2. g3 Nc6 3. Bg2 g6 4. Nf3 Bg7 5. Nc3 d6 6. 0-0 e5 7. d3 h6 8. Rb1 Nge7 9. a3 0-0 10. b4 f5 11. Bd2 Rb8 12. e3 Be6 13. b5 Na5 14. e4 b6 15. Nd5 fxe4 16. Nxe7+ Qxe7 17. Nh4 Bf7 18. Bxe4 Qf6 19. Bxa5 bxa5 20. Qa4 g5 21. Nf5 Qd8 22. f3 d5 23. cxd5 Kh8 24. Qc4 Bxd5 25. Qxc5 Bxe4 26. dxe4 Qb6 27. Rfc1 Rbc8 28. Qxb6 axb6 29. Rc6 Rfe8 30. Rbc1 Rxc6 31. bxc6 Bf8 32. c7 Rc8 33. a4 Bc5+ 34. Kf1 Kh7 35. Ke2 Rxc7 36. Ne3 Rf7 37. Nd5 g4 38. f4 exf4 39. gxf4 Kg7 40. Kd3 h5 41. Rc2 Rd7 42. Kc4 Kh6 43. Rb2 Rd6 44. e5 Re6 45. Nf6 Kg6 46. Kd5 Re7 47. Ke4 Rf7 48. Rg2 Be7 49. Nd5 Bh4 50. Rc2 Bd8 51. Rc6+ Kg7 52. f5 Rb7 53. Rd6 Rb8 54. e6 b5 55. Rd7+ Kh6 56. e7 Bxe7 57. Nxe7 bxa4 58. Nc6 Rb2 59. Rd3 Ra2 60. Rd6+ Kg7 61. f6+ Kf8 62. Kf5 Re2 63. Ne5 Ke8 64. f7+ 1-0

[Event "Ruhrgebiet Verbandsklasse Gruppe 1 1516"]
[Site "Germany"]
[Date "2015.12.20"]
[Round "5.6"]
[White "Krause, Dieter"]
[Black "Jerig, Markus"]
[Result "0-1"]
[WhiteElo "1914"]
[BlackElo "1675"]
[PlyCount "148"]
[EventDate "2015.09.06"]
[EventType "team-tourn"]
[EventRounds "9"]
[EventCountry "GER"]
[SourceTitle "EXT 2022"]
[Source "ChessBase"]
[SourceDate "2021.10.06"]
[SourceVersion "1"]
[SourceVersionDate "2021.10.06"]
[SourceQuality "1"]
[WhiteTeam "Kamen SV II"]
[BlackTeam "Osterfeld Schwarze Dame"]
[WhiteTeamCountry "GER"]
[BlackTeamCountry "GER"]

1. d4 d5 2. Bf4 e6 3. Nf3 c5 4. e3 Nc6 5. c3 Bd6 6. Bg3 Nge7 7. Nbd2 a6 8. Bd3 Ng6 9. dxc5 Bxc5 10. Nb3 Bd6 11. a4 e5 12. Bc2 Be6 13. h4 e4 14. Nfd4 Bxg3 15. fxg3 Qd6 16. Ne2 Bg4 17. Bxe4 Bxe2 18. Kxe2 Qxg3 19. Qxd5 0-0 20. Rh3 Qc7 21. Bxg6 hxg6 22. h5 Ne7 23. Qc5 Qxc5 24. Nxc5 gxh5 25. Rxh5 g6 26. Rh3 Nd5 27. Rah1 Rfe8 28. Kf2 Nf6 29. Rh8+ Kg7 30. Rxe8 Rxe8 31. Rd1 Re7 32. Kf3 g5 33. g3 Kg6 34. Rd6 Kf5 35. Rd4 g4+ 36. Kf2 Rc7 37. Rf4+ Kg5 38. Ne4+ Nxe4+ 39. Rxe4 f5 40. Rd4 Rh7 41. Kg2 Re7 42. Rd3 Re4 43. b3 Re7 44. a5 Kf6 45. Kf2 Rh7 46. Kg2 Rc7 47. c4 Ke5 48. Rd4 Re7 49. b4 Rc7 50. Kf1 Rh7 51. Kg2 Rc7 52. c5 Re7 53. Kf1 Rh7 54. Ke2 Rh2+ 55. Kd3 Rh3 56. Kd2 Rxg3 57. b5 Rg2+ 58. Kd3 Rb2 59. bxa6 bxa6 60. c6 Rb8 61. Kc4 g3 62. Rd2 Ke4 63. Rg2 Kf3 64. Rc2 g2 65. Rxg2 Kxg2 66. Kd5 Kf3 67. c7 Rc8 68. Kc6 Kxe3 69. Kb7 Rxc7+ 70. Kxc7 f4 71. Kb6 f3 72. Kxa6 f2 73. Kb7 f1Q 74. a6 Qb5+ 0-1

[Event "Ruhrgebiet Verbandsklasse Gruppe 1 1516"]
[Site "Germany"]
[Date "2015.11.29"]
[Round "4.5"]
[White "Krause, Dieter"]
[Black "Wagner, Ole"]
[Result "0-1"]
[WhiteElo "1914"]
[BlackElo "1940"]
[PlyCount "88"]
[EventDate "2015.09.06"]
[EventType "team-tourn"]
[EventRounds "9"]
[EventCountry "GER"]
[SourceTitle "EXT 2022"]
[Source "ChessBase"]
[SourceDate "2021.10.06"]
[SourceVersion "1"]
[SourceVersionDate "2021.10.06"]
[SourceQuality "1"]
[WhiteTeam "Kamen SV II"]
[BlackTeam "Essen Listiger Bauer"]
[WhiteTeamCountry "GER"]
[BlackTeamCountry "GER"]

1. c4 g6 2. Nc3 Bg7 3. g3 e5 4. Bg2 Nc6 5. e3 Nge7 6. Nge2 0-0 7. 0-0 d6 8. Rb1 f5 9. d3 Kh8 10. b4 g5 11. b5 Nb8 12. f4 gxf4 13. exf4 Nd7 14. Be3 Nf6 15. h3 Rg8 16. d4 exf4 17. Nxf4 Qe8 18. Kh2 Ng6 19. Qf3 Nxf4 20. Bxf4 Qg6 21. Rbe1 Bd7 22. Qxb7 Nh5 23. Qxa8 Rxa8 24. Bxa8 Bxd4 25. Nd5 Be5 26. Rf3 Qg7 27. Bc6 Be6 28. Rg1 Nf6 29. Nxf6 Qxf6 30. Bd5 Bd7 31. a4 h5 32. h4 Qg7 33. Bg5 Bc8 34. Re1 Qg6 35. Rc1 Bb2 36. Rc2 Be5 37. Ra2 Bd4 38. Rd2 Be5 39. Ra2 Bd4 40. Rd2 Be5 41. Rdf2 Bd7 42. Be4 fxe4 43. Rf7 e3 44. R2f3 Bg4 0-1

[Event "Ruhrgebiet Verbandsklasse Gruppe 1 1516"]
[Site "Germany"]
[Date "2015.09.06"]
[Round "1.6"]
[White "Krause, Dieter"]
[Black "Simon, Thomas"]
[Result "1-0"]
[WhiteElo "1914"]
[BlackElo "1734"]
[PlyCount "79"]
[EventDate "2015.09.06"]
[EventType "team-tourn"]
[EventRounds "9"]
[EventCountry "GER"]
[SourceTitle "EXT 2022"]
[Source "ChessBase"]
[SourceDate "2021.10.06"]
[SourceVersion "1"]
[SourceVersionDate "2021.10.06"]
[SourceQuality "1"]
[WhiteTeam "Kamen SV II"]
[BlackTeam "Brackel SF III"]
[WhiteTeamCountry "GER"]
[BlackTeamCountry "GER"]

1. Nf3 c5 2. c4 Nc6 3. d4 cxd4 4. Nxd4 Nf6 5. Nc3 d6 6. e4 g6 7. Be2 Bg7 8. Nc2 0-0 9. 0-0 a6 10. Be3 Be6 11. f3 Qa5 12. Nd5 Bxd5 13. cxd5 Ne5 14. a4 Rfc8 15. b4 Qc7 16. Na3 Qc3 17. Qd2 Qxd2 18. Bxd2 h5 19. Rac1 Kf8 20. Be3 Nfd7 21. a5 Ke8 22. h3 Nf6 23. f4 Ned7 24. Bd3 Bh6 25. Kf2 h4 26. Nc4 Nh5 27. Kf3 Ng3 28. Rf2 f5 29. exf5 gxf5 30. Rfc2 Kf8 31. Bf2 Nh5 32. Bxf5 Nxf4 33. Bxd7 Rxc4 34. Rxc4 Nxd5 35. Rc8+ Rxc8 36. Rxc8+ Kf7 37. Rc4 e5 38. Bc8 b5 39. Rxh4 Bg5 40. Rh7+ 1-0

[Event "Ruhrgebiet VK1 1213"]
[Site "Nordrheinwestfalen"]
[Date "2013.02.03"]
[Round "6.4"]
[White "Korste, Sebastian"]
[Black "Krause, Dieter"]
[Result "0-1"]
[WhiteElo "1897"]
[BlackElo "1930"]
[PlyCount "72"]
[EventDate "2012.09.02"]
[EventType "team-tourn"]
[EventRounds "9"]
[EventCountry "GER"]
[SourceTitle "EXT 2020"]
[Source "ChessBase"]
[SourceDate "2019.10.17"]
[SourceVersion "1"]
[SourceVersionDate "2019.10.17"]
[SourceQuality "1"]
[WhiteTeam "Weisse Dame Borbeck II"]
[BlackTeam "Rochade Eving"]
[WhiteTeamCountry "GER"]
[BlackTeamCountry "GER"]

1. c4 Nf6 2. Nc3 e6 3. e4 d5 4. e5 d4 5. exf6 dxc3 6. bxc3 Qxf6 7. Nf3 e5 8. d4 exd4 9. Bg5 Qe6+ 10. Be2 Be7 11. cxd4 Bxg5 12. Nxg5 Qf5 13. Qd2 h6 14. Nf3 0-0 15. 0-0 Nc6 16. Bd3 Qf6 17. Rab1 Bg4 18. Ne5 Nxe5 19. dxe5 Qxe5 20. Rxb7 Rfd8 21. Qc2 Rab8 22. Rxb8 Rxb8 23. Rb1 Re8 24. h3 Bd7 25. c5 Bc6 26. Rd1 Qg5 27. Bf1 g6 28. Qc1 Qh4 29. Re1 Rd8 30. Qe3 Kg7 31. Qe5+ Qf6 32. Qxc7 Rd2 33. Qe5 Rxa2 34. Qxf6+ Kxf6 35. Rd1 Ke5 36. Rd8 Ra1 0-1

[Event "Ruhrgebiet VK1 1213"]
[Site "Nordrheinwestfalen"]
[Date "2013.01.13"]
[Round "5.4"]
[White "Krause, Dieter"]
[Black "Straenger, Petra"]
[Result "1-0"]
[WhiteElo "1930"]
[BlackElo "1874"]
[PlyCount "77"]
[EventDate "2012.09.02"]
[EventType "team-tourn"]
[EventRounds "9"]
[EventCountry "GER"]
[SourceTitle "EXT 2020"]
[Source "ChessBase"]
[SourceDate "2019.10.17"]
[SourceVersion "1"]
[SourceVersionDate "2019.10.17"]
[SourceQuality "1"]
[WhiteTeam "Rochade Eving"]
[BlackTeam "Muelheim SC"]
[WhiteTeamCountry "GER"]
[BlackTeamCountry "GER"]

1. c4 c6 2. g3 d5 3. Bg2 Nf6 4. Nf3 g6 5. b3 Bg7 6. Bb2 0-0 7. 0-0 Bf5 8. d3 dxc4 9. bxc4 Qc8 10. Qb3 Nbd7 11. Qa3 Re8 12. e4 Be6 13. Nd4 Nf8 14. Nxe6 Qxe6 15. Nd2 h5 16. d4 Qd7 17. e5 N6h7 18. Ne4 Qc7 19. f4 e6 20. Rfd1 Red8 21. Rac1 Qb6 22. Bc3 a5 23. Rb1 Qc7 24. c5 Nd7 25. Nd6 Rdb8 26. Nc4 a4 27. Qb2 Bf8 28. h4 Be7 29. Kh1 Qd8 30. Be1 Ra6 31. Kh2 Qc7 32. Qe2 Qd8 33. Kh3 f5 34. exf6 Nhxf6 35. Qxe6+ Kg7 36. Ne5 Nf8 37. Qf7+ Kh6 38. Bd2 Qc8+ 39. f5+ 1-0

[Event "Ruhrgebiet VK1 1213"]
[Site "Nordrheinwestfalen"]
[Date "2012.12.02"]
[Round "4.4"]
[White "Voss, Guenther"]
[Black "Krause, Dieter"]
[Result "1/2-1/2"]
[WhiteElo "2008"]
[BlackElo "1930"]
[PlyCount "68"]
[EventDate "2012.09.02"]
[EventType "team-tourn"]
[EventRounds "9"]
[EventCountry "GER"]
[SourceTitle "EXT 2020"]
[Source "ChessBase"]
[SourceDate "2019.10.17"]
[SourceVersion "1"]
[SourceVersionDate "2019.10.17"]
[SourceQuality "1"]
[WhiteTeam "Muelheim Nord IV"]
[BlackTeam "Rochade Eving"]
[WhiteTeamCountry "GER"]
[BlackTeamCountry "GER"]

1. e4 g6 2. d4 Bg7 3. Nc3 d5 4. exd5 Nf6 5. Bb5+ Nbd7 6. d6 cxd6 7. Nf3 0-0 8. 0-0 Nb6 9. h3 Bd7 10. Bd3 Bc6 11. Re1 Re8 12. Bg5 Rc8 13. Ne4 Bxe4 14. Bxe4 d5 15. Bd3 Nc4 16. Rb1 b5 17. c3 Qb6 18. Ne5 Nd6 19. Bxf6 exf6 20. Nd7 Qc6 21. Nc5 Rxe1+ 22. Qxe1 Re8 23. Qd1 f5 24. a4 bxa4 25. Ra1 Ne4 26. Bxe4 fxe4 27. Qxa4 Qxa4 28. Rxa4 Re7 29. Ra6 Bh6 30. Rd6 f5 31. Rxd5 Bc1 32. Na4 f4 33. Re5 Rxe5 34. dxe5 Kf7 1/2-1/2

[Event "Ruhrgebiet VK3 0910"]
[Site "Ruhrgebiet"]
[Date "2009.10.04"]
[Round "2.3"]
[White "Medger, Gernot"]
[Black "Krause, Dieter"]
[Result "1/2-1/2"]
[WhiteElo "1847"]
[BlackElo "2030"]
[PlyCount "57"]
[EventDate "2009.09.06"]
[EventType "team"]
[EventRounds "9"]
[EventCountry "GER"]
[SourceTitle "EXT 2011"]
[Source "ChessBase"]
[SourceDate "2010.11.26"]
[SourceVersion "1"]
[SourceVersionDate "2010.11.26"]
[SourceQuality "1"]
[WhiteTeam "Boenen SV"]
[BlackTeam "Rochade Eving"]
[WhiteTeamCountry "GER"]
[BlackTeamCountry "GER"]

1. d4 d6 2. Nf3 Nf6 3. Bf4 g6 4. Nc3 Bg7 5. Qd2 Bg4 6. h3 Bxf3 7. gxf3 c6 8. Bh6 Bxh6 9. Qxh6 Qa5 10. Qd2 Nbd7 11. Ne4 Qxd2+ 12. Kxd2 d5 13. Nxf6+ Nxf6 14. e3 0-0 15. Bd3 b5 16. a4 b4 17. a5 Rfc8 18. Ba6 Rc7 19. c3 Rb8 20. Rhc1 bxc3+ 21. bxc3 Rb2+ 22. Rc2 Rxc2+ 23. Kxc2 c5 24. Kd2 Ne8 25. Rb1 Nd6 26. Rb8+ Kg7 27. Bd3 f5 28. Ra8 c4 29. Bc2 1/2-1/2

[Event "Ruhrgebiet VK playoff 0405"]
[Site "Ruhrgebiet"]
[Date "2005.06.12"]
[Round "3.6"]
[White "Krause, Dieter"]
[Black "Marquardt, Guido"]
[Result "1/2-1/2"]
[WhiteElo "1842"]
[BlackElo "1800"]
[PlyCount "92"]
[EventDate "2005.05.08"]
[EventType "team"]
[EventRounds "3"]
[EventCountry "GER"]
[SourceTitle "EXT 2006"]
[Source "ChessBase"]
[SourceDate "2005.11.24"]
[SourceVersion "1"]
[SourceVersionDate "2005.11.24"]
[SourceQuality "1"]
[WhiteTeam "Eving SV Rochade"]
[BlackTeam "Horst III"]
[WhiteTeamCountry "GER"]
[BlackTeamCountry "GER"]

1. c4 f5 2. g3 Nf6 3. Bg2 e6 4. Nf3 d5 5. 0-0 c6 6. d3 Nbd7 7. Nc3 Bd6 8. e4 0-0 9. Nd4 Ne5 10. cxd5 cxd5 11. exd5 exd5 12. Bg5 Bc5 13. Bxf6 Rxf6 14. Bxd5+ Kh8 15. Nde2 Ng4 16. d4 Bd6 17. h3 Nh6 18. f4 Be6 19. Qb3 Bxd5 20. Nxd5 Rg6 21. Kh2 Qe8 22. Qf3 Rc8 23. Nec3 Re6 24. Rad1 b5 25. Rd2 b4 26. Nd1 Rc1 27. Rff2 Ng4+ 28. hxg4 Rh6+ 29. Kg1 Qe1+ 30. Rf1 Qxd2 31. Nf2 Rxf1+ 32. Kxf1 Qxd4 33. gxf5 Bc5 34. Ne3 Rf6 35. Ne4 Rf8 36. Nxc5 Qxc5 37. Qe4 Rd8 38. Kg2 h6 39. Kf3 Qc1 40. Kg4 Qe1 41. Qe7 Qe2+ 42. Kh4 Rg8 43. Qe5 Qh2+ 44. Kg4 Qh1 45. Qe7 Qe1 46. Kf3 Qh1+ 1/2-1/2

[Event "Ruhrgebiet VK playoff 0405"]
[Site "Ruhrgebiet"]
[Date "2005.05.08"]
[Round "1.6"]
[White "Mazarov, Juergen"]
[Black "Krause, Dieter"]
[Result "0-1"]
[WhiteElo "1935"]
[BlackElo "1842"]
[PlyCount "96"]
[EventDate "2005.05.08"]
[EventType "team"]
[EventRounds "3"]
[EventCountry "GER"]
[SourceTitle "EXT 2006"]
[Source "ChessBase"]
[SourceDate "2005.11.24"]
[SourceVersion "1"]
[SourceVersionDate "2005.11.24"]
[SourceQuality "1"]
[WhiteTeam "Bochum 31 III"]
[BlackTeam "Eving SV Rochade"]
[WhiteTeamCountry "GER"]
[BlackTeamCountry "GER"]

1. e4 c5 2. Nf3 g6 3. d4 cxd4 4. Nxd4 Bg7 5. Nc3 Nc6 6. Be3 Nf6 7. Qd2 0-0 8. f3 d5 9. 0-0-0 dxe4 10. fxe4 Nxd4 11. Bxd4 Be6 12. Be2 Qa5 13. Kb1 Nxe4 14. Qe3 Nxc3+ 15. Bxc3 Bxc3 16. Qxc3 Bxa2+ 17. Ka1 Qxc3 18. bxc3 Be6 19. Bf3 Rac8 20. Bxb7 Rxc3 21. Kb2 Rc4 22. Bf3 Rb8+ 23. Kc1 Bf5 24. Kd2 Rd8+ 25. Ke3 Rxd1 26. Rxd1 Rxc2 27. Ra1 Rc7 28. Kd4 Kg7 29. Kd5 Bd7 30. Kd4 Bc6 31. Bxc6 Rxc6 32. Rxa7 Rc2 33. g4 Rxh2 34. Rxe7 Rh4 35. Re4 h5 36. g5 Rxe4+ 37. Kxe4 f6 38. gxf6+ Kxf6 39. Kf4 g5+ 40. Kg3 Kf5 41. Kf3 h4 42. Kg2 g4 43. Kg1 Kf4 44. Kf2 g3+ 45. Kg2 Kg4 46. Kg1 h3 47. Kh1 Kf3 48. Kg1 g2 0-1

[Event "Dortmund-ch"]
[Site "Dortmund"]
[Date "2005.03.07"]
[Round "4"]
[White "Kartsev, Alexandr"]
[Black "Krause, Dieter"]
[Result "1-0"]
[WhiteElo "1494"]
[BlackElo "1835"]
[PlyCount "115"]
[EventDate "2005.02.28"]
[EventType "swiss"]
[EventRounds "9"]
[EventCountry "GER"]
[SourceTitle "CBM 105 Extra"]
[Source "ChessBase"]
[SourceDate "2005.05.01"]
[SourceVersion "1"]
[SourceVersionDate "2005.05.01"]
[SourceQuality "1"]

1. f4 g6 2. Nf3 Bg7 3. g3 Nf6 4. Bg2 0-0 5. 0-0 c5 6. d3 Nc6 7. e4 d6 8. Nc3 e6 9. Kh1 Nd4 10. Ne2 Nxf3 11. Bxf3 d5 12. e5 Ne8 13. d4 Qc7 14. Bd2 a5 15. a3 b6 16. b4 Bd7 17. dxc5 bxc5 18. bxa5 Bc6 19. Rb1 Rb8 20. Rxb8 Qxb8 21. Qb1 Qb5 22. Qxb5 Bxb5 23. Rb1 Nc7 24. Nc3 Bc4 25. Rb7 Na6 26. Na4 Rd8 27. Nb6 Ba2 28. Rd7 Rxd7 29. Nxd7 Bc4 30. Nb6 Bb5 31. a4 Bc6 32. c4 Nc7 33. cxd5 exd5 34. a6 Nxa6 35. Bxd5 Bxd5+ 36. Nxd5 Kf8 37. Kg2 Ke8 38. Kf3 Kd7 39. Ke4 Kc6 40. Nc3 Bf8 41. f5 Nc7 42. f6 h5 43. h4 Na6 44. Kd3 Nb8 45. a5 Kd7 46. Na4 Nc6 47. Bc3 Ke6 48. a6 Na7 49. Kc4 Kd7 50. Nxc5+ Kc6 51. Bd4 Nb5 52. Nb3 Na3+ 53. Kd3 Nb5 54. a7 Kb7 55. Na5+ Ka8 56. Kc4 Nxa7 57. Bxa7 Kxa7 58. Kd5 1-0

[Event "Dortmund-ch"]
[Site "Dortmund"]
[Date "2005.02.28"]
[Round "1"]
[White "Schrimpl, Michael"]
[Black "Krause, Dieter"]
[Result "0-1"]
[WhiteElo "1414"]
[BlackElo "1835"]
[PlyCount "117"]
[EventDate "2005.02.28"]
[EventType "swiss"]
[EventRounds "9"]
[EventCountry "GER"]
[SourceTitle "CBM 105 Extra"]
[Source "ChessBase"]
[SourceDate "2005.05.01"]
[SourceVersion "1"]
[SourceVersionDate "2005.05.01"]
[SourceQuality "1"]

1. c4 e6 2. d4 d5 3. Nc3 Bb4 4. a3 Bxc3+ 5. bxc3 Nc6 6. Nf3 Bd7 7. Rb1 dxc4 8. Rxb7 Rb8 9. Rxb8 Qxb8 10. Qc2 Nf6 11. e4 Qb3 12. Qxb3 cxb3 13. e5 Ne4 14. Bb2 f5 15. exf6 gxf6 16. Bd3 Nd6 17. 0-0 Na5 18. Nd2 0-0 19. Ne4 Nxe4 20. Bxe4 Nc4 21. Rb1 Nd2 22. Re1 Bb5 23. Re3 f5 24. a4 Ba6 25. Bf3 Nc4 26. Rxe6 Nxb2 27. Rxa6 Rb8 28. Rxa7 Nxa4 29. Bd5+ Kh8 30. Bxb3 Rxb3 31. g3 Nxc3 32. Rxc7 Ne2+ 33. Kg2 Nxd4 34. Rd7 Nc6 35. Rd5 Ne7 36. Rd7 Ng6 37. Rd4 Kg7 38. h4 Rb7 39. h5 Ne5 40. Rd6 Rf7 41. f4 Ng4 42. Kh3 Re7 43. Kh4 Nf6 44. Ra6 Rf7 45. Kg5 Ne4+ 46. Kh4 Rf6 47. Ra7+ Kh6 48. Ra2 Nd6 49. Ra8 Re6 50. Ra7 Ne8 51. Rf7 Rf6 52. Rb7 Ng7 53. g4 fxg4 54. Kxg4 Nxh5 55. Rb4 Ng7 56. Rb3 Kg6 57. Rf3 Nf5 58. Rh3 h6 59. Rh2 0-1

[Event "Ruhrgebiet VK2 0304"]
[Site "Ruhrgebiet"]
[Date "2003.12.07"]
[Round "4.6"]
[White "Krause, Dieter"]
[Black "Steinke, Matthias"]
[Result "0-1"]
[WhiteElo "1906"]
[BlackElo "1887"]
[PlyCount "141"]
[EventDate "2003.09.28"]
[EventType "team"]
[EventRounds "9"]
[EventCountry "GER"]
[SourceTitle "EXT 2007"]
[Source "ChessBase"]
[SourceDate "2006.11.23"]
[SourceVersion "1"]
[SourceVersionDate "2006.11.23"]
[SourceQuality "1"]
[WhiteTeam "Eving SV Rochade"]
[BlackTeam "Gerthe"]
[WhiteTeamCountry "GER"]
[BlackTeamCountry "GER"]

1. c4 e5 2. Nc3 Nc6 3. Nf3 Nf6 4. d4 d6 5. d5 Ne7 6. e4 g6 7. h3 Bg7 8. g4 h6 9. Be3 g5 10. c5 a6 11. cxd6 cxd6 12. Nd2 Ng6 13. Qb3 Nf4 14. f3 h5 15. Rg1 hxg4 16. hxg4 Nd7 17. Qa4 Rb8 18. Nc4 Rh6 19. Bb6 Qe7 20. Ne3 Kf8 21. Qa5 Nxb6 22. Qxb6 Ra8 23. 0-0-0 Ke8 24. Nc4 Qd8 25. a4 Bf8 26. Qxd8+ Kxd8 27. Nb6 Rb8 28. a5 Bd7 29. Rd2 Be7 30. Ne2 Nxe2+ 31. Rxe2 Ke8 32. Rc2 Bd8 33. Nxd7 Kxd7 34. b4 Rc8 35. Rxc8 Kxc8 36. Kb2 Rh2+ 37. Kc3 Bc7 38. Bd3 Bb8 39. Rf1 Ba7 40. Kc4 Bd4 41. Bb1 Kd7 42. Rd1 Rf2 43. Rd3 Kc7 44. Rb3 Rf1 45. Bc2 Re1 46. Rd3 Ra1 47. Rb3 Ra2 48. Kd3 Kd7 49. Bb1 Rf2 50. Kc4 Rf1 51. Bc2 Kc7 52. Ra3 b5+ 53. axb6+ Kxb6 54. Ba4 Rc1+ 55. Kd3 Rb1 56. Kc4 Bf2 57. Bd7 Be1 58. Rb3 Rd1 59. Rd3 Rc1+ 60. Kb3 Rb1+ 61. Kc2 Rxb4 62. Rb3 Kc5 63. Rxb4 Kxb4 64. Kb2 Kc4 65. Be8 f6 66. Ka3 Kd4 67. Bd7 a5 68. Ka4 Ke3 69. Bf5 Kxf3 70. Kb5 Ke3 71. Ka4 0-1

[Event "Ruhrgebiet VK2 0304"]
[Site "Ruhrgebiet"]
[Date "2003.11.09"]
[Round "3.5"]
[White "Krause, Dieter"]
[Black "Brockmann, Fabian"]
[Result "0-1"]
[WhiteElo "1906"]
[BlackElo "1966"]
[PlyCount "78"]
[EventDate "2003.09.28"]
[EventType "team"]
[EventRounds "9"]
[EventCountry "GER"]
[SourceTitle "EXT 2007"]
[Source "ChessBase"]
[SourceDate "2006.11.23"]
[SourceVersion "1"]
[SourceVersionDate "2006.11.23"]
[SourceQuality "1"]
[WhiteTeam "Eving SV Rochade"]
[BlackTeam "Dortmund Hansa III"]
[WhiteTeamCountry "GER"]
[BlackTeamCountry "GER"]

1. d4 c5 2. d5 Nf6 3. c4 b5 4. Nf3 g6 5. Qc2 bxc4 6. e4 d6 7. Bxc4 Nbd7 8. 0-0 Bg7 9. Nbd2 0-0 10. Re1 Nb6 11. Rb1 a5 12. b3 Ba6 13. Qd3 Nxc4 14. bxc4 Nd7 15. Bb2 Bxb2 16. Rxb2 Rb8 17. Reb1 Qc7 18. Qc2 Rxb2 19. Rxb2 Rb8 20. Rxb8+ Qxb8 21. Qa4 Nb6 22. Qxa5 Bxc4 23. h4 Be2 24. h5 Bxf3 25. gxf3 Nd7 26. hxg6 hxg6 27. Qa4 Nf6 28. Qb3 Qc8 29. a4 Qh3 30. Qb5 Nh5 31. Qf1 Qh4 32. Qg2 Nf4 33. Qg4 Nh3+ 34. Kg2 Qxf2+ 35. Kxh3 Qxd2 36. Qc8+ Kg7 37. Qa8 c4 38. a5 c3 39. Qb7 c2 0-1

[Event "Greifswald Klar op 1st"]
[Site "Greifswald"]
[Date "2003.07.13"]
[Round "7"]
[White "Broock, Julia"]
[Black "Krause, Dieter"]
[Result "0-1"]
[WhiteElo "1392"]
[BlackElo "964"]
[PlyCount "54"]
[EventDate "2003.07.10"]
[EventType "swiss"]
[EventRounds "7"]
[EventCountry "GER"]
[SourceTitle "EXT 2005"]
[Source "ChessBase"]
[SourceDate "2004.11.15"]
[SourceVersion "1"]
[SourceVersionDate "2004.11.15"]
[SourceQuality "1"]

1. e4 e5 2. Nf3 Nc6 3. Bc4 Nf6 4. d3 Bc5 5. Bg5 d6 6. h3 0-0 7. Nc3 Qe7 8. Nd5 Qd8 9. Nxf6+ gxf6 10. Bh6 Re8 11. Nh2 f5 12. Qh5 Qf6 13. f3 Nd4 14. Kd2 Ne6 15. g3 Ng7 16. Bxg7 Kxg7 17. exf5 Bxf5 18. Ng4 Qg6 19. Qxg6+ Bxg6 20. Rhf1 Rad8 21. Bd5 c6 22. Be4 f5 23. d4 exd4 24. Bd3 fxg4 25. fxg4 Bxd3 26. Kxd3 Re3+ 27. Kd2 Rxg3 0-1

[Event "Greifswald Klar op 1st"]
[Site "Greifswald"]
[Date "2003.07.11"]
[Round "3"]
[White "Krause, Dieter"]
[Black "Mertens, Pauline"]
[Result "0-1"]
[WhiteElo "964"]
[BlackElo "1281"]
[PlyCount "100"]
[EventDate "2003.07.10"]
[EventType "swiss"]
[EventRounds "7"]
[EventCountry "GER"]
[SourceTitle "EXT 2005"]
[Source "ChessBase"]
[SourceDate "2004.11.15"]
[SourceVersion "1"]
[SourceVersionDate "2004.11.15"]
[SourceQuality "1"]

1. e4 c5 2. Nf3 d6 3. Nc3 Nf6 4. Bc4 a6 5. Ng5 e6 6. Nf3 b5 7. Be2 Bb7 8. a3 Nxe4 9. Nxe4 Bxe4 10. b4 Be7 11. Bb2 Bf6 12. Bxf6 Qxf6 13. d3 Bb7 14. 0-0 0-0 15. Qd2 Nd7 16. c4 Ne5 17. Nxe5 Qxe5 18. Rfe1 Qf6 19. Rad1 Qg6 20. f3 cxb4 21. Qxb4 d5 22. cxb5 axb5 23. Qxb5 Ba6 24. Qb4 Rfb8 25. Qe7 h6 26. d4 Bxe2 27. Rxe2 Qg5 28. Qc7 Qd8 29. Qc3 Qb6 30. Ra2 Rc8 31. Qd3 Qa5 32. Rb1 Rc3 33. Qd2 Rxa3 34. Qxa5 R3xa5 35. Rxa5 Rxa5 36. Rb8+ Kh7 37. Rf8 Kg6 38. Kf2 Ra2+ 39. Kg3 Rd2 40. Rd8 Rxd4 41. h3 e5 42. Re8 f6 43. Re6 Kf5 44. Re7 g6 45. Ra7 h5 46. Ra2 Rc4 47. Kf2 d4 48. Rd2 Rc3 49. Ke2 Kf4 50. h4 Kg3 0-1